<?xml version="1.0" encoding="UTF-8"?>
<record
    xmlns:xsi="http://www.w3.org/2001/XMLSchema-instance"
    xsi:schemaLocation="http://www.loc.gov/MARC21/slim http://www.loc.gov/standards/marcxml/schema/MARC21slim.xsd"
    xmlns="http://www.loc.gov/MARC21/slim">

  <leader>02556nam a2200385 i 4500</leader>
  <controlfield tag="001">000022530</controlfield>
  <controlfield tag="003">DO-SdBNP</controlfield>
  <controlfield tag="005">20260415175501.0</controlfield>
  <controlfield tag="007">ta</controlfield>
  <controlfield tag="008">090701s2007    dr a     l    000 0 spa d</controlfield>
  <datafield tag="020" ind1=" " ind2=" ">
    <subfield code="a">9789945161304</subfield>
  </datafield>
  <datafield tag="040" ind1=" " ind2=" ">
    <subfield code="a">DO-SdBNP</subfield>
    <subfield code="b">spa</subfield>
    <subfield code="c">BNPHU</subfield>
    <subfield code="e">rda</subfield>
  </datafield>
  <datafield tag="041" ind1=" " ind2=" ">
    <subfield code="a">spa</subfield>
  </datafield>
  <datafield tag="082" ind1=" " ind2="4">
    <subfield code="a">343.7293056</subfield>
    <subfield code="b">R426L 2007</subfield>
    <subfield code="2">22</subfield>
  </datafield>
  <datafield tag="110" ind1="1" ind2=" ">
    <subfield code="a">Rep&#xFA;blica Dominicana</subfield>
    <subfield code="9">447</subfield>
  </datafield>
  <datafield tag="240" ind1="1" ind2="0">
    <subfield code="a">[Leyes, etc.]</subfield>
  </datafield>
  <datafield tag="245" ind1="1" ind2="3">
    <subfield code="a">La legislaci&#xF3;n aduanera y sus modificaciones :</subfield>
    <subfield code="b">ley 3489, para el r&#xE9;gimen de aduanas, ley 226-06, que otorga autonom&#xED;a presupuestaria y patrimonio propio a la Direcci&#xF3;n General de Aduanas /</subfield>
    <subfield code="c">Secretar&#xED;a de Estado de Haciendas, Direcci&#xF3;n General de Aduanas.</subfield>
  </datafield>
  <datafield tag="246" ind1="1" ind2="0">
    <subfield code="a">Ley 3489, para el r&#xE9;gimen de aduanas</subfield>
  </datafield>
  <datafield tag="246" ind1="1" ind2="0">
    <subfield code="a">Ley 226-06, que otorga autonom&#xED;a presupuestaria y patrimonio propio a la Direcci&#xF3;n General de Aduanas</subfield>
  </datafield>
  <datafield tag="260" ind1=" " ind2=" ">
    <subfield code="a">Santo Domingo :</subfield>
    <subfield code="b">Direcci&#xF3;n General de Aduanas,</subfield>
    <subfield code="c">2007.</subfield>
  </datafield>
  <datafield tag="300" ind1=" " ind2=" ">
    <subfield code="a">97 p&#xE1;ginas :</subfield>
    <subfield code="b">ilustraciones ;</subfield>
    <subfield code="c">23 cm.</subfield>
  </datafield>
  <datafield tag="336" ind1=" " ind2=" ">
    <subfield code="a">texto</subfield>
    <subfield code="b">txt</subfield>
    <subfield code="2">rdacontent </subfield>
  </datafield>
  <datafield tag="337" ind1=" " ind2=" ">
    <subfield code="a">sin mediaci&#xF3;n</subfield>
    <subfield code="b">n</subfield>
    <subfield code="2">rdamedia </subfield>
  </datafield>
  <datafield tag="338" ind1=" " ind2=" ">
    <subfield code="a">volumen  </subfield>
    <subfield code="b">nc</subfield>
    <subfield code="2">rdacarrier </subfield>
  </datafield>
  <datafield tag="490" ind1="0" ind2=" ">
    <subfield code="a">Aduanas ;</subfield>
    <subfield code="v">13</subfield>
  </datafield>
  <datafield tag="505" ind1="0" ind2=" ">
    <subfield code="a">Pr&#xF3;logo --</subfield>
    <subfield code="t">Ley 34-89, para el r&#xE9;gimen de aduanas --</subfield>
    <subfield code="t">De las aduanas y su funcionamiento --</subfield>
    <subfield code="t">Formalidades que deben llenarse en los puertos extranjeros secci&#xF3;n primaria --</subfield>
    <subfield code="t">De la entrada de los buques --</subfield>
    <subfield code="t">De la descarga de los buques --</subfield>
    <subfield code="t">Del reconocimiento y despacho de las mercanc&#xED;as --</subfield>
    <subfield code="t">Del abandono de las mercanc&#xED;as --</subfield>
    <subfield code="t">De la liquidaci&#xF3;n y recaudaci&#xF3;n de los derechos e impuestos --</subfield>
    <subfield code="t">De la vista de inspecci&#xF3;n y despacho de los buques --</subfield>
    <subfield code="t">De la exportaci&#xF3;n --</subfield>
    <subfield code="t">Del cabotaje --</subfield>
    <subfield code="t">Del tr&#xE1;nsito --</subfield>
    <subfield code="t">De las arribadas, recaladas y naufragios de buques --</subfield>
    <subfield code="t">De los agentes de aduana y consignatarios de naves --</subfield>
    <subfield code="t">Del contrabando --</subfield>
    <subfield code="t">De las reclamacines y recursos contra las decisiones aduaneras --</subfield>
    <subfield code="t">Disposiciones represivas --</subfield>
    <subfield code="t">Disposiciones generales Ley N&#xBA; 226-06 que otorga autonom&#xED;a presupuestaria y patrimonio propio a la Direcci&#xF3;n General de Aduanas.</subfield>
  </datafield>
  <datafield tag="590" ind1=" " ind2=" ">
    <subfield code="a">Inventariado, 2018/VM</subfield>
  </datafield>
  <datafield tag="610" ind1="1" ind2="0">
    <subfield code="a">Rep&#xFA;blica Dominicana.</subfield>
    <subfield code="b">Direcci&#xF3;n General de Aduanas.</subfield>
    <subfield code="9">43102</subfield>
  </datafield>
  <datafield tag="650" ind1=" " ind2="0">
    <subfield code="a">Aduanas </subfield>
    <subfield code="x">Leyes y legislaci&#xF3;n</subfield>
    <subfield code="9">6955</subfield>
  </datafield>
  <datafield tag="650" ind1=" " ind2="0">
    <subfield code="a">Impuestos </subfield>
    <subfield code="x">Leyes y legislaci&#xF3;n</subfield>
    <subfield code="9">9338</subfield>
  </datafield>
  <datafield tag="650" ind1=" " ind2="4">
    <subfield code="a">Aranceles de aduana</subfield>
    <subfield code="x">Legislaci&#xF3;n</subfield>
    <subfield code="z">Rep&#xFA;blica Dominicana</subfield>
    <subfield code="9">6956</subfield>
  </datafield>
  <datafield tag="710" ind1=" " ind2=" ">
    <subfield code="a">Rep&#xFA;blica Dominicana. $t Ley 226-06, que otorga autonom&#xED;a presupuestaria y patrimonio propio a la Direcci&#xF3;n General de Aduanas.</subfield>
    <subfield code="9">88822</subfield>
  </datafield>
  <datafield tag="910" ind1=" " ind2=" ">
    <subfield code="a">Validado. Control de calidad MFF</subfield>
  </datafield>
  <datafield tag="942" ind1=" " ind2=" ">
    <subfield code="2">ddc</subfield>
    <subfield code="c">LBS1</subfield>
  </datafield>
  <datafield tag="952" ind1=" " ind2=" ">
    <subfield code="0">0</subfield>
    <subfield code="1">0</subfield>
    <subfield code="2">ddc</subfield>
    <subfield code="5">6</subfield>
    <subfield code="7">0</subfield>
    <subfield code="8">DS</subfield>
    <subfield code="a">BNPHU</subfield>
    <subfield code="b">BNPHU</subfield>
    <subfield code="c">HD</subfield>
    <subfield code="d">2010-10-13</subfield>
    <subfield code="l">0</subfield>
    <subfield code="o">BNPHU DS 343.7293056 R426L 2007</subfield>
    <subfield code="p">22530-30</subfield>
    <subfield code="r">2020-06-25</subfield>
    <subfield code="t">e. 3</subfield>
    <subfield code="w">2020-06-25</subfield>
    <subfield code="y">LFDS</subfield>
    <subfield code="Z">Pr&#xE9;stamo en sala</subfield>
  </datafield>
  <datafield tag="952" ind1=" " ind2=" ">
    <subfield code="0">0</subfield>
    <subfield code="1">1</subfield>
    <subfield code="2">ddc</subfield>
    <subfield code="5">6</subfield>
    <subfield code="7">0</subfield>
    <subfield code="8">DS</subfield>
    <subfield code="a">BNPHU</subfield>
    <subfield code="b">BNPHU</subfield>
    <subfield code="c">MI</subfield>
    <subfield code="d">2010-10-20</subfield>
    <subfield code="l">0</subfield>
    <subfield code="o">BNPHU DS 343.7293056 R426L 2007</subfield>
    <subfield code="p">22530-40</subfield>
    <subfield code="r">2020-06-25</subfield>
    <subfield code="t">e. 4</subfield>
    <subfield code="w">2020-06-25</subfield>
    <subfield code="y">LBS1</subfield>
    <subfield code="Z">Pr&#xE9;stamo en sala</subfield>
  </datafield>
  <datafield tag="952" ind1=" " ind2=" ">
    <subfield code="0">0</subfield>
    <subfield code="1">1</subfield>
    <subfield code="2">ddc</subfield>
    <subfield code="5">6</subfield>
    <subfield code="7">0</subfield>
    <subfield code="8">DS</subfield>
    <subfield code="a">BNPHU</subfield>
    <subfield code="b">BNPHU</subfield>
    <subfield code="c">MI</subfield>
    <subfield code="d">2010-10-20</subfield>
    <subfield code="l">0</subfield>
    <subfield code="o">BNPHU DS 343.7293056 R426L 2007</subfield>
    <subfield code="p">22530-50</subfield>
    <subfield code="r">2020-06-25</subfield>
    <subfield code="t">e. 5</subfield>
    <subfield code="w">2020-06-25</subfield>
    <subfield code="y">LBS1</subfield>
    <subfield code="Z">Pr&#xE9;stamo en sala</subfield>
  </datafield>
  <datafield tag="952" ind1=" " ind2=" ">
    <subfield code="0">0</subfield>
    <subfield code="1">0</subfield>
    <subfield code="2">ddc</subfield>
    <subfield code="5">1</subfield>
    <subfield code="7">0</subfield>
    <subfield code="8">PD</subfield>
    <subfield code="a">BNPHU</subfield>
    <subfield code="b">BNPHU</subfield>
    <subfield code="c">HD</subfield>
    <subfield code="d">2010-10-13</subfield>
    <subfield code="l">0</subfield>
    <subfield code="o">BNPHU PD 343.7293056 R426L 2007</subfield>
    <subfield code="p">22530-10</subfield>
    <subfield code="r">2020-06-25</subfield>
    <subfield code="t">e. 2</subfield>
    <subfield code="w">2020-06-25</subfield>
    <subfield code="y">LBS1</subfield>
    <subfield code="Z">No se presta</subfield>
  </datafield>
  <datafield tag="952" ind1=" " ind2=" ">
    <subfield code="0">0</subfield>
    <subfield code="1">0</subfield>
    <subfield code="2">ddc</subfield>
    <subfield code="5">1</subfield>
    <subfield code="7">0</subfield>
    <subfield code="8">PD</subfield>
    <subfield code="a">BNPHU</subfield>
    <subfield code="b">BNPHU</subfield>
    <subfield code="c">HD</subfield>
    <subfield code="d">2010-10-13</subfield>
    <subfield code="l">0</subfield>
    <subfield code="o">BNPHU PD 343.7293056 R426L 2007</subfield>
    <subfield code="p">22530-20</subfield>
    <subfield code="r">2020-06-25</subfield>
    <subfield code="w">2020-06-25</subfield>
    <subfield code="y">LBS1</subfield>
    <subfield code="Z">No se presta</subfield>
  </datafield>
  <datafield tag="999" ind1=" " ind2=" ">
    <subfield code="c">22027</subfield>
    <subfield code="d">22027</subfield>
  </datafield>
</record>
